Normal view MARC view

Entry Nombre personal

Number of records used in: 4

001 - NÚMERO DE CONTROL

  • campo de control: 80829

003 - IDENTIFICADOR DE NÚMERO DE CONTROL

  • campo de control: SpMaBN

005 - FECHA Y HORA DE LA ÚLTIMA TRANSACCIÓN

  • campo de control: 20250825051846.0

008 - ELEMENTOS DE DATO DE LONGITUD-FIJA

  • campo de control de longitud fija: 901120n| aijnnaabn a aaa

016 ## - NÚMERO DE CONTROL DE UNA AGENCIA BIBLIOGRÁFICA NACIONAL

  • Número de control del registro: BNE19900453675

024 7# - IDENTIFICADOR DE OTROS ESTÁNDARES

  • Número estándar o código: http://viaf.org/viaf/21391224/
  • Fuente: viaf

024 7# - IDENTIFICADOR DE OTROS ESTÁNDARES

  • Número estándar o código: https://isni.org/isni/0000000059529655
  • Fuente: isni

040 ## - FUENTE DE CATALOGACIÓN

  • Centro catalogador/agencia de origen: SpMaBN
  • Lengua de catalogación: spa
  • Centro/agencia transcriptor: SpMaBN
  • Normas de descripción: rdc
  • Convención/Normas de encabezamiento de materia/tesauro: embne

100 1# - ENCABEZAMIENTO-NOMBRE DE PERSONA

  • Nombre de persona: Mezquida y Gené, Luis María,
  • Fechas asociadas al nombre: 1920-2004

375 ## - GÉNERO/SEXO

  • Género: Masculino

400 1# - TRAZADO DE VÉASE--NOMBRE DE PERSONA

  • Nombre de persona: Mezquida, Luis María,
  • Fechas asociadas al nombre: 1920-2004

400 1# - TRAZADO DE VÉASE--NOMBRE DE PERSONA

  • Nombre de persona: Mezquida Gené, Lluís M.,
  • Fechas asociadas al nombre: 1920-2004

400 1# - TRAZADO DE VÉASE--NOMBRE DE PERSONA

  • Nombre de persona: Mezquida Gené, Luis M.,
  • Fechas asociadas al nombre: 1920-2004

400 1# - TRAZADO DE VÉASE--NOMBRE DE PERSONA

  • Nombre de persona: Mezquida Gené, Luis María,
  • Fechas asociadas al nombre: 1920-2004

400 1# - TRAZADO DE VÉASE--NOMBRE DE PERSONA

  • Nombre de persona: Mezquida i Gené, Lluís M.,
  • Fechas asociadas al nombre: 1920-2004

400 0# - TRAZADO DE VÉASE--NOMBRE DE PERSONA

  • Nombre de persona: Petrófilo,
  • Fechas asociadas al nombre: 1920-2004

670 ## - FUENTE DE DATOS ENCONTRADOS

  • Cita de la fuente: La batalla del Ebro, 1993
  • Información encontrada: port. (Luis Mª Mezquida y Gené)

670 ## - FUENTE DE DATOS ENCONTRADOS

  • Cita de la fuente: La batalla del Ebro, 2001
  • Información encontrada: port. (Lluís M. Mezquida i Gené)

670 ## - FUENTE DE DATOS ENCONTRADOS

  • Cita de la fuente: París 1957, 1991
  • Información encontrada: port. (Luis M. Mezquida Gené)

670 ## - FUENTE DE DATOS ENCONTRADOS

  • Cita de la fuente: Tarragona, 1987
  • Información encontrada: v. port. (texto, Luis Mª Mezquida Gené)

670 ## - FUENTE DE DATOS ENCONTRADOS

  • Cita de la fuente: Guía de Tarragona y su provincia, 1947?
  • Información encontrada: port. (Luis Mª Mezquida)

670 ## - FUENTE DE DATOS ENCONTRADOS

  • Cita de la fuente: Els Renart de Tarragona i Sant Magí, 1996
  • Información encontrada: port. (Lluís M. Mezquida Gené)